[Event "Leiden Noteboom op 83rd"]
[Site "Leiden"]
[Date "2024.02.16"]
[Round "1"]
[White "Smeets, Jan"]
[Black "Van der Marel, Bert"]
[Result "1-0"]
[WhiteElo "2542"]
[BlackElo "2055"]
[PlyCount "89"]
[EventDate "2024.02.16"]
[EventType "swiss"]
[EventRounds "6"]
[EventCountry "NED"]
[SourceTitle "CBM 218 Extra"]
[Source "ChessBase"]
[SourceDate "2024.03.31"]
[SourceVersion "1"]
[SourceVersionDate "2024.03.31"]
[SourceQuality "1"]

1. e4 e5 2. Nf3 Nc6 3. Bb5 a6 4. Ba4 Nf6 5. 0-0 Be7 6. d3 d6 7. c4 0-0 8. h3 h6 9. Be3 Nh7 10. Bxc6 bxc6 11. d4 exd4 12. Nxd4 Bd7 13. Nc3 Bf6 14. Qd3 Re8 15. Rad1 Rb8 16. b3 c5 17. Nde2 Bc6 18. f3 Ng5 19. Nd5 Bxd5 20. cxd5 Qd7 21. Rc1 Qb5 22. Rc4 Nh7 23. Nc3 Qd7 24. Ra4 Ra8 25. Rc1 Bxc3 26. Rxc3 Qb5 27. Rcc4 Nf6 28. Bd2 Nd7 29. Ra5 Ne5 30. Qe2 Qb7 31. Rca4 f5 32. Rxa6 c4 33. Rxa8 Rxa8 34. Rxa8+ Qxa8 35. Bc3 cxb3 36. axb3 Qa7+ 37. Kh2 f4 38. Bxe5 dxe5 39. Qb2 g5 40. Qxe5 Qf2 41. Qa1 h5 42. Qd1 Qe3 43. b4 Kf7 44. d6 cxd6 45. Qd5+ 1-0

[Event "Leiden op-A 13th"]
[Site "Leiden"]
[Date "2019.07.13"]
[Round "2"]
[White "Van der Werf, Mark"]
[Black "Van der Marel, Bert"]
[Result "1-0"]
[WhiteElo "2394"]
[BlackElo "2106"]
[PlyCount "111"]
[EventDate "2019.07.12"]
[EventType "swiss"]
[EventRounds "9"]
[EventCountry "NED"]
[SourceTitle "EXT 2020"]
[Source "ChessBase"]
[SourceDate "2019.10.17"]
[SourceVersion "1"]
[SourceVersionDate "2019.10.17"]
[SourceQuality "1"]

1. c4 Nf6 2. Nc3 e5 3. Nf3 Nc6 4. e3 Bb4 5. Qc2 Bxc3 6. bxc3 d6 7. e4 0-0 8. g3 h6 9. d3 Bg4 10. Nh4 Nh7 11. h3 Be6 12. Bg2 Qf6 13. Rb1 Rab8 14. Be3 b6 15. 0-0 Qd8 16. Qe2 Na5 17. Nf5 Bxf5 18. exf5 Re8 19. g4 c6 20. Qf3 Qh4 21. Qg3 Qxg3 22. fxg3 e4 23. dxe4 Nxc4 24. Bf4 Rbd8 25. Rfe1 Nf8 26. Rbd1 Ne5 27. Rd2 Rd7 28. Red1 Red8 29. g5 hxg5 30. Bxg5 f6 31. Bf4 g5 32. fxg6 Nfxg6 33. Rf2 Kg7 34. Bc1 Nc4 35. h4 d5 36. exd5 cxd5 37. h5 Nge5 38. Bh3 Rd6 39. h6+ Kh7 40. Rd4 Rg8 41. Bf5+ Kh8 42. Bf4 b5 43. Kg2 Rgd8 44. Re2 Ra6 45. g4 Ra3 46. g5 Rxc3 47. g6 Nxg6 48. Bxg6 Rg8 49. Re8 Rxe8 50. Bxe8 b4 51. Rxd5 Nb6 52. Ra5 Nc8 53. Bf7 Rc6 54. Rb5 Nd6 55. Bxd6 Rxd6 56. Bg6 1-0

[Event "Leiden Noteboom Memorial 79th"]
[Site "Leiden"]
[Date "2019.02.23"]
[Round "2"]
[White "Van der Marel, Bert"]
[Black "Van Vliet, Jeffrey"]
[Result "0-1"]
[WhiteElo "2140"]
[BlackElo "2379"]
[PlyCount "92"]
[EventDate "2019.02.22"]
[EventType "swiss"]
[EventRounds "6"]
[EventCountry "NED"]
[SourceTitle "CBM 189 Extra"]
[Source "ChessBase"]
[SourceDate "2019.05.31"]
[SourceVersion "1"]
[SourceVersionDate "2019.05.31"]
[SourceQuality "1"]

1. Nf3 Nf6 2. g3 d5 3. Bg2 c6 4. 0-0 Bf5 5. d3 e6 6. Nbd2 Nbd7 7. b3 Bc5 8. Bb2 Qc7 9. a3 a5 10. Qe1 0-0 11. e4 dxe4 12. dxe4 Bg6 13. Nh4 Bh5 14. Nc4 Ng4 15. Qc3 f6 16. Bh3 b5 17. Ne3 Bxe3 18. fxe3 Nde5 19. Qc5 Qa7 20. Qxa7 Rxa7 21. Bxe5 Nxe5 22. Bxe6+ Kh8 23. Bh3 Rd8 24. Rf2 a4 25. b4 Nc4 26. Nf5 Bg6 27. Bg2 Rad7 28. Bf3 Ne5 29. Nd4 Re8 30. h3 Rd6 31. Bg2 Nc4 32. e5 Rxe5 33. Nxc6 Rxe3 34. Na7 Be8 35. Rf3 Ree6 36. Rd3 Ra6 37. Nc6 Raxc6 38. Bxc6 Bxc6 39. Rd8+ Re8 40. Rad1 Kg8 41. Rxe8+ Bxe8 42. Rd3 Bg6 43. Rc3 Kf7 44. Kf2 Ke6 45. Ke2 Be4 46. Kd1 Ke5 0-1

[Event "Leiden op-A 10th"]
[Site "Leiden"]
[Date "2016.07.19"]
[Round "5"]
[White "Van der Marel, Bert"]
[Black "Beerdsen, Thomas"]
[Result "0-1"]
[WhiteElo "2195"]
[BlackElo "2414"]
[PlyCount "66"]
[EventDate "2016.07.15"]
[EventType "swiss"]
[EventRounds "9"]
[EventCountry "NED"]
[SourceTitle "CBM 173 Extra"]
[Source "ChessBase"]
[SourceDate "2016.08.29"]
[SourceVersion "1"]
[SourceVersionDate "2016.08.29"]
[SourceQuality "1"]

1. b3 e5 2. Bb2 Nc6 3. g3 d5 4. Bg2 Be6 5. d3 Qd7 6. Nf3 f6 7. Nbd2 0-0-0 8. a3 g5 9. h4 g4 10. Ng1 f5 11. e3 Nf6 12. Ne2 Bh6 13. d4 f4 14. dxe5 fxe3 15. fxe3 Nh5 16. Nf1 Qf7 17. Bd4 Bg7 18. Nf4 Bxe5 19. Bxe5 Nxe5 20. Qd4 Nc6 21. Qc5 Qf6 22. 0-0-0 Nxf4 23. exf4 Qa1+ 24. Kd2 Qb2 25. Re1 d4 26. Rxe6 d3 27. Ke3 dxc2 28. Nd2 Rxd2 29. Rxc6 Re2+ 30. Kd3 Rd8+ 31. Bd5 bxc6 32. Qxc6 Rxd5+ 33. Qxd5 Rd2+ 0-1

[Event "Hoogeveen Unive op 19th"]
[Site "Hoogeveen"]
[Date "2015.10.22"]
[Round "7"]
[White "Van der Marel, Bert"]
[Black "Halfhide, Sebastian"]
[Result "0-1"]
[WhiteElo "2212"]
[BlackElo "2102"]
[PlyCount "90"]
[EventDate "2015.10.17"]
[EventType "swiss"]
[EventRounds "9"]
[EventCountry "NED"]
[SourceTitle "EXT 2017"]
[Source "ChessBase"]
[SourceDate "2016.10.25"]
[SourceVersion "1"]
[SourceVersionDate "2016.10.25"]
[SourceQuality "1"]

1. b3 e5 2. Bb2 d6 3. g3 Nf6 4. Bg2 Be7 5. d3 0-0 6. Nf3 Re8 7. 0-0 Bf8 8. Nbd2 Nc6 9. e4 g6 10. h3 Bg7 11. Nc4 b5 12. Ne3 Bb7 13. Nh4 Nd4 14. f4 exf4 15. Bxd4 fxe3 16. Qf3 Re6 17. Rae1 Qe7 18. Bxe3 d5 19. exd5 Re8 20. dxe6 Bxf3 21. exf7+ Qxf7 22. Nxf3 Qd7 23. Kh2 Nh5 24. Ng5 Be5 25. Ne4 c6 26. Bg5 Qc7 27. Rf3 Bxg3+ 28. Nxg3 Rxe1 29. Bh6 Re8 30. h4 Qd6 31. Kh3 Qe6+ 32. Kh2 Qe5 33. Kh3 Qe6+ 34. Kh2 Qe5 35. Kh3 Nxg3 36. Rxg3 Qc5 37. c4 Qf5+ 38. Kh2 Re2 39. Kh1 Re1+ 40. Kh2 Re2 41. Kh1 Qf6 42. Bg5 Qf2 43. Kh2 Kg7 44. h5 h6 45. Bd8 Qf4 0-1

[Event "Hoogeveen Unive op 19th"]
[Site "Hoogeveen"]
[Date "2015.10.19"]
[Round "3"]
[White "Van der Marel, Bert"]
[Black "Hendriks, Richard V"]
[Result "1-0"]
[WhiteElo "2212"]
[BlackElo "2107"]
[PlyCount "65"]
[EventDate "2015.10.17"]
[EventType "swiss"]
[EventRounds "9"]
[EventCountry "NED"]
[SourceTitle "EXT 2017"]
[Source "ChessBase"]
[SourceDate "2016.10.25"]
[SourceVersion "1"]
[SourceVersionDate "2016.10.25"]
[SourceQuality "1"]

1. b3 e5 2. Bb2 d6 3. g3 Nf6 4. Bg2 g6 5. d3 Bg7 6. Nf3 0-0 7. 0-0 Nc6 8. Nbd2 h6 9. e4 Be6 10. h3 Qd7 11. Kh2 g5 12. Ng1 Ne7 13. Nc4 Bxc4 14. bxc4 c5 15. Ne2 Ng6 16. Rb1 Kh7 17. f4 gxf4 18. gxf4 Nh5 19. f5 Ngf4 20. Nxf4 Nxf4 21. f6 Bh8 22. Rxf4 exf4 23. e5 Rg8 24. Be4+ Rg6 25. Bc3 Rb8 26. Qh5 Qa4 27. Rg1 Rbg8 28. Rg2 d5 29. Bf5 dxc4 30. e6 Qc6 31. Rg4 Qf3 32. Rxg6 Qxh5 33. Rg7# 1-0

[Event "Leiden op-A 9th"]
[Site "Leiden"]
[Date "2015.07.19"]
[Round "3"]
[White "Van der Marel, Bert"]
[Black "Van Delft, Merijn"]
[Result "1-0"]
[WhiteElo "2161"]
[BlackElo "2428"]
[PlyCount "77"]
[EventDate "2015.07.17"]
[EventType "swiss"]
[EventRounds "9"]
[EventCountry "NED"]
[SourceTitle "CBM 167 Extra"]
[Source "ChessBase"]
[SourceDate "2015.09.14"]
[SourceVersion "1"]
[SourceVersionDate "2015.09.14"]
[SourceQuality "1"]

1. b3 d5 2. Bb2 c6 3. g3 Bf5 4. Bg2 e6 5. Nf3 h6 6. d3 Nf6 7. Nbd2 Be7 8. Nh4 Bh7 9. e4 a5 10. a3 0-0 11. Qe2 a4 12. 0-0 axb3 13. cxb3 Nbd7 14. Nhf3 Nc5 15. Ne5 Qb6 16. Bd4 Qa6 17. Qe3 Qb5 18. Rfc1 Ncd7 19. Nxd7 Nxd7 20. a4 Qa5 21. exd5 cxd5 22. Bh3 Bf6 23. Nf3 Qb4 24. Rc7 Rad8 25. Bxf6 Nxf6 26. d4 Ne4 27. Rac1 Rd6 28. Ne5 Ng5 29. Bf1 f6 30. Nd7 Rd8 31. Nc5 Qxd4 32. Nxb7 Be4 33. Bg2 Qb4 34. Nxd8 Rxd8 35. h4 d4 36. Qf4 e5 37. Qg4 h5 38. Qxh5 Bxg2 39. Kxg2 1-0

[Event "Leiden op-A 8th"]
[Site "Leiden"]
[Date "2014.07.18"]
[Round "7"]
[White "Van der Marel, Bert"]
[Black "Oosterom, Erik"]
[Result "1/2-1/2"]
[WhiteElo "2161"]
[BlackElo "2085"]
[PlyCount "115"]
[EventDate "2014.07.11"]
[EventType "swiss"]
[EventRounds "9"]
[EventCountry "NED"]
[SourceTitle "CBM 161 Extra"]
[Source "ChessBase"]
[SourceDate "2014.08.29"]
[SourceVersion "1"]
[SourceVersionDate "2014.08.29"]
[SourceQuality "1"]

1. Nf3 d5 2. g3 c6 3. Bg2 Bg4 4. d3 Nd7 5. Nbd2 Ngf6 6. 0-0 e5 7. h3 Bh5 8. e4 dxe4 9. dxe4 Bc5 10. c3 a5 11. Qc2 Qc7 12. Nc4 Bxf3 13. Bxf3 0-0 14. Bd2 Rfe8 15. Rad1 Rad8 16. Ne3 Nf8 17. Nf5 Ne6 18. Bc1 Rxd1 19. Rxd1 Rd8 20. Rxd8+ Qxd8 21. Qd2 Qxd2 22. Bxd2 h5 23. h4 Bf8 24. Ne3 Nc5 25. Nc4 Ncxe4 26. Be3 a4 27. a3 Bc5 28. Bxc5 Nxc5 29. Nxe5 g6 30. Be2 Nfd7 31. Nc4 Kg7 32. f4 Kf6 33. Kg2 Ke6 34. Kf3 Kd5 35. Ke3 Ne4 36. Kf3 Nec5 37. Ne3+ Kd6 38. Nc2 Nb6 39. Ne3 Ke7 40. f5 Kf6 41. fxg6 fxg6 42. g4 hxg4+ 43. Nxg4+ Kf5 44. Bd1 Nc4 45. Bc2+ Ke6 46. Bxg6 Nd7 47. Kf4 Nf8 48. Bf5+ Ke7 49. h5 Nxb2 50. Ne3 Kf6 51. h6 b5 52. Ng4+ Kf7 53. Bb1 Nd1 54. Ne5+ Kf6 55. Ng4+ Kf7 56. Ba2+ Kg6 57. Bb1+ Kf7 58. Ba2+ 1/2-1/2

[Event "Leiden op-A 8th"]
[Site "Leiden"]
[Date "2014.07.17"]
[Round "6"]
[White "Stany, George Anthony"]
[Black "Van der Marel, Bert"]
[Result "1-0"]
[WhiteElo "2399"]
[BlackElo "2161"]
[PlyCount "72"]
[EventDate "2014.07.11"]
[EventType "swiss"]
[EventRounds "9"]
[EventCountry "NED"]
[SourceTitle "CBM 161 Extra"]
[Source "ChessBase"]
[SourceDate "2014.08.29"]
[SourceVersion "1"]
[SourceVersionDate "2014.08.29"]
[SourceQuality "1"]

1. e4 e5 2. Nf3 d6 3. d4 Nf6 4. Nc3 Nbd7 5. Bc4 Be7 6. 0-0 0-0 7. a4 c6 8. Ba2 a5 9. h3 Qc7 10. Be3 b6 11. Nd2 Ba6 12. Re1 Rad8 13. f4 c5 14. dxe5 dxe5 15. f5 c4 16. Qe2 Bc5 17. Nb5 Bxe3+ 18. Qxe3 Bxb5 19. axb5 Nc5 20. Rad1 Rd4 21. Nxc4 Rxe4 22. Qg3 Rxc4 23. Bxc4 Nce4 24. Qb3 Qc5+ 25. Kh2 Nd6 26. Bf1 e4 27. Qa3 Qe5+ 28. Qg3 Qxg3+ 29. Kxg3 Nxf5+ 30. Kf4 g6 31. g4 Ne7 32. g5 Nh5+ 33. Kxe4 Nf5 34. Bc4 Rc8 35. b3 Rc5 36. Rd7 Nfg3+ 1-0

[Event "Leiden Noteboom Memorial 74th"]
[Site "Leiden"]
[Date "2014.03.01"]
[Round "4"]
[White "Van der Marel, Bert"]
[Black "Hachijan, Armen"]
[Result "1-0"]
[WhiteElo "2153"]
[BlackElo "2245"]
[PlyCount "93"]
[EventDate "2014.02.28"]
[EventType "swiss"]
[EventRounds "6"]
[EventCountry "NED"]
[SourceTitle "CBM 159 Extra"]
[Source "ChessBase"]
[SourceDate "2014.04.24"]
[SourceVersion "1"]
[SourceVersionDate "2014.04.24"]
[SourceQuality "1"]

1. d4 d6 2. c4 g6 3. Nc3 Bg7 4. e4 Nf6 5. Nge2 0-0 6. Ng3 e5 7. d5 a5 8. Be2 Na6 9. Bg5 c6 10. Qd2 cxd5 11. cxd5 Nc5 12. 0-0 a4 13. f3 Bd7 14. Rfc1 Qa5 15. Nd1 Qa7 16. Be3 Rfc8 17. Nf2 Be8 18. Rc3 Nfd7 19. Rac1 Bf6 20. Bg5 Bg7 21. Kh1 Qa5 22. Ng4 b5 23. Bh6 b4 24. Bxg7 Kxg7 25. Qh6+ Kg8 26. Rc4 b3 27. a3 Qd8 28. R4c3 Nf6 29. Ne3 Bd7 30. Nc4 Nb7 31. f4 Bb5 32. fxe5 dxe5 33. Nxe5 Rxc3 34. Rxc3 Bxe2 35. Nc6 Qf8 36. Qh4 Qg7 37. Ne7+ Kh8 38. Nxe2 g5 39. Qh3 Nxe4 40. Qc8+ Qf8 41. Qxb7 Nxc3 42. Nxc3 Rb8 43. Qc7 f6 44. d6 Rd8 45. Ncd5 Re8 46. d7 Ra8 47. Nc8 1-0

[Event "Leiden LCT op-A 7th"]
[Site "Leiden"]
[Date "2013.07.15"]
[Round "4"]
[White "Howell, David"]
[Black "Van der Marel, Bert"]
[Result "1-0"]
[WhiteElo "2639"]
[BlackElo "2176"]
[PlyCount "39"]
[EventDate "2013.07.12"]
[EventType "swiss"]
[EventRounds "9"]
[EventCountry "NED"]
[SourceTitle "CBM 155 Extra"]
[Source "ChessBase"]
[SourceDate "2013.08.26"]
[SourceVersion "1"]
[SourceVersionDate "2013.08.26"]
[SourceQuality "1"]

1. Nf3 Nf6 2. c4 g6 3. b3 Bg7 4. Bb2 0-0 5. g3 d6 6. d4 e5 7. dxe5 Ng4 8. Nc3 Nxe5 9. Nxe5 Bxe5 10. Bg2 Nc6 11. 0-0 Bg4 12. Qd2 Bg7 13. Rae1 Qf6 14. Ba1 Qd4 15. Qc2 Nb4 16. Qc1 c6 17. Rd1 Qe5 18. h3 Bd7 19. Qd2 Qa5 20. Ne4 1-0

[Event "Leiden LCT op-A 7th"]
[Site "Leiden"]
[Date "2013.07.13"]
[Round "2"]
[White "Hasangatin, Ramil"]
[Black "Van der Marel, Bert"]
[Result "1-0"]
[WhiteElo "2489"]
[BlackElo "2176"]
[PlyCount "31"]
[EventDate "2013.07.12"]
[EventType "swiss"]
[EventRounds "9"]
[EventCountry "NED"]
[SourceTitle "CBM 155 Extra"]
[Source "ChessBase"]
[SourceDate "2013.08.26"]
[SourceVersion "1"]
[SourceVersionDate "2013.08.26"]
[SourceQuality "1"]

1. d4 Nf6 2. Nc3 d5 3. Bg5 c6 4. e3 Bf5 5. Bxf6 exf6 6. Bd3 Bxd3 7. Qxd3 Bd6 8. e4 dxe4 9. Qxe4+ Qe7 10. Qxe7+ Bxe7 11. 0-0-0 0-0 12. Nf3 Nd7 13. d5 cxd5 14. Nxd5 Bc5 15. b4 Bd6 16. Ne3 1-0

[Event "Leiden LCT op-A 4th"]
[Site "Leiden"]
[Date "2010.07.10"]
[Round "2"]
[White "Koes, Richard"]
[Black "Van der Marel, Bert"]
[Result "1-0"]
[WhiteElo "1947"]
[BlackElo "2178"]
[PlyCount "59"]
[EventDate "2010.07.09"]
[EventType "swiss"]
[EventRounds "9"]
[EventCountry "NED"]
[SourceTitle "CBM 137 Extra"]
[Source "ChessBase"]
[SourceDate "2010.09.01"]
[SourceVersion "1"]
[SourceVersionDate "2010.09.01"]
[SourceQuality "1"]

1. Nc3 d5 2. e4 d4 3. Nce2 e5 4. Ng3 Be6 5. Nf3 Nc6 6. Be2 f6 7. 0-0 Nge7 8. d3 Ng6 9. Nf5 Qd7 10. N3h4 Nf4 11. Bxf4 exf4 12. c3 g6 13. cxd4 Nxd4 14. Nxd4 Qxd4 15. Nf3 Qd7 16. d4 Bg7 17. d5 Bf7 18. Qd2 g5 19. Nd4 0-0 20. Nf5 Bg6 21. Bg4 Kh8 22. Qe2 Rfe8 23. Qf3 Qf7 24. Nxg7 Bxe4 25. Be6 Qg6 26. Nxe8 Bxf3 27. Nxc7 Bxd5 28. Bxd5 Rd8 29. Rad1 Qf5 30. Be6 1-0

[Event "Groningen-B"]
[Site "Groningen"]
[Date "2009.07.07"]
[Round "5"]
[White "Van der Marel, Bert"]
[Black "Hoeksema, Hendrik Pieter"]
[Result "0-1"]
[WhiteElo "2226"]
[BlackElo "2309"]
[PlyCount "72"]
[EventDate "2009.07.03"]
[EventType "tourn"]
[EventRounds "9"]
[EventCountry "NED"]
[SourceTitle "CBM 131 Extra"]
[Source "ChessBase"]
[SourceDate "2009.09.03"]
[SourceVersion "2"]
[SourceVersionDate "2009.09.16"]
[SourceQuality "1"]

1. d4 Nf6 2. c4 c5 3. d5 b5 4. a4 bxc4 5. Nc3 d6 6. e4 Ba6 7. Nf3 Nbd7 8. h3 g6 9. Bf4 Bg7 10. Nd2 Qa5 11. Qc2 Nb6 12. Be2 Nfd7 13. 0-0 Ne5 14. Bxe5 Bxe5 15. Rfb1 0-0 16. Nd1 e6 17. Ne3 exd5 18. exd5 Bd4 19. Nexc4 Bxc4 20. Nxc4 Nxc4 21. Bxc4 Rab8 22. Ra2 Rfe8 23. b3 Re1+ 24. Rxe1 Qxe1+ 25. Bf1 Re8 26. Qd3 Qb4 27. Qb5 Re1 28. Re2 Rb1 29. Qe8+ Kg7 30. Qb5 Rxb3 31. Rc2 Qa3 32. Qa6 Rb1 33. Qe2 Qxa4 34. Ra2 Qd7 35. Qa6 Qf5 36. Qxa7 Qd3 0-1

[Event "Groningen Atlantis-B"]
[Site "Groningen"]
[Date "2008.07.02"]
[Round "6"]
[White "Balje, Jan"]
[Black "Van der Marel, Bert"]
[Result "1/2-1/2"]
[WhiteElo "2197"]
[BlackElo "2223"]
[PlyCount "78"]
[EventDate "2008.06.27"]
[EventType "tourn"]
[EventRounds "9"]
[EventCountry "NED"]
[SourceTitle "CBM 125 Extra"]
[Source "ChessBase"]
[SourceDate "2008.09.01"]
[SourceVersion "1"]
[SourceVersionDate "2008.09.01"]
[SourceQuality "1"]

1. d4 Nf6 2. c4 e6 3. Nf3 c5 4. d5 exd5 5. cxd5 d6 6. Nc3 g6 7. e4 Bg7 8. h3 0-0 9. Bd3 a6 10. a4 Nbd7 11. 0-0 Ne8 12. Bf4 Ne5 13. Nxe5 Bxe5 14. Bxe5 dxe5 15. a5 Nd6 16. Qd2 Bd7 17. Na4 c4 18. Bc2 Bb5 19. Qc3 Qe7 20. Rae1 f6 21. Nc5 Rfc8 22. Na4 Bxa4 23. Bxa4 g5 24. Qb4 Qc7 25. Qc3 Qc5 26. h4 h6 27. hxg5 hxg5 28. Qh3 Rc7 29. Qh6 Rf8 30. Re3 Rh7 31. Qg6+ Rg7 32. Qh6 Qxa5 33. Bd1 g4 34. Rg3 Nxe4 35. Rxg4 Ng5 36. Rxc4 Nf7 37. Qh3 Ng5 38. Qh5 Rh7 39. Qg6+ Rg7 1/2-1/2

[Event "Groningen op"]
[Site "Groningen"]
[Date "2007.04.14"]
[Round "3"]
[White "Van der Marel, Bert"]
[Black "Goetzee, Rick W"]
[Result "1/2-1/2"]
[WhiteElo "2236"]
[BlackElo "1976"]
[PlyCount "62"]
[EventDate "2007.04.13"]
[EventType "swiss"]
[EventRounds "6"]
[EventCountry "NED"]
[SourceTitle "CBM 118 Extra"]
[Source "ChessBase"]
[SourceDate "2007.07.04"]
[SourceVersion "1"]
[SourceVersionDate "2007.07.04"]
[SourceQuality "1"]

1. d4 d5 2. c4 c6 3. Nc3 Nf6 4. Nf3 dxc4 5. a4 Bf5 6. e3 e6 7. Bxc4 Bb4 8. 0-0 0-0 9. Qe2 Bg6 10. Ne5 Nbd7 11. Nxg6 hxg6 12. Rd1 Qa5 13. Bd2 Rac8 14. e4 Rfe8 15. e5 Nd5 16. Ne4 Bxd2 17. Rxd2 Red8 18. Nd6 Rb8 19. Rdd1 Ne7 20. Qg4 Nf5 21. Nxf5 gxf5 22. Qe2 Nb6 23. Ba2 c5 24. d5 Nxd5 25. Bxd5 Rxd5 26. Rxd5 exd5 27. e6 Re8 28. exf7+ Kxf7 29. Qh5+ g6 30. Qh7+ Kf6 31. Rf1 Qb6 1/2-1/2

[Event "Groningen op"]
[Site "Groningen"]
[Date "2007.04.14"]
[Round "4"]
[White "Van der Marel, Bert"]
[Black "Hoeksema, Hendrik Pieter"]
[Result "1/2-1/2"]
[WhiteElo "2236"]
[BlackElo "2386"]
[PlyCount "66"]
[EventDate "2007.04.13"]
[EventType "swiss"]
[EventRounds "6"]
[EventCountry "NED"]
[SourceTitle "CBM 118 Extra"]
[Source "ChessBase"]
[SourceDate "2007.07.04"]
[SourceVersion "1"]
[SourceVersionDate "2007.07.04"]
[SourceQuality "1"]

1. d4 Nf6 2. Nf3 g6 3. c4 Bg7 4. Nc3 0-0 5. e4 d6 6. Be2 Bg4 7. Be3 Nfd7 8. 0-0 c5 9. d5 Na6 10. Qd2 Qa5 11. Rfc1 Rfb8 12. a3 Qd8 13. h3 Bxf3 14. Bxf3 Nc7 15. Be2 e6 16. Rab1 exd5 17. exd5 Qf8 18. b4 b6 19. Nb5 Nxb5 20. cxb5 Re8 21. Re1 Nf6 22. Bf3 Ne4 23. Bxe4 Rxe4 24. bxc5 bxc5 25. Qa5 Qc8 26. b6 axb6 27. Qxb6 Bf8 28. Qc6 Rea4 29. Bc1 Qf5 30. Rb3 R4a6 31. Qb7 R6a7 32. Qc6 Ra6 33. Qb7 R6a7 1/2-1/2

[Event "Eger Agria op"]
[Site "Eger"]
[Date "2005.07.27"]
[Round "4"]
[White "Van der Marel, Bert"]
[Black "Blasko, Istvan"]
[Result "1/2-1/2"]
[WhiteElo "2222"]
[BlackElo "2323"]
[PlyCount "149"]
[EventDate "2005.07.18"]
[EventType "swiss"]
[EventRounds "9"]
[EventCountry "HUN"]
[SourceTitle "EXT 2008"]
[Source "ChessBase"]
[SourceDate "2007.11.25"]
[SourceVersion "1"]
[SourceVersionDate "2007.11.25"]
[SourceQuality "1"]

1. d4 Nf6 2. c4 c5 3. d5 b5 4. cxb5 a6 5. Nc3 e6 6. e4 Bb7 7. bxa6 Nxa6 8. Bc4 Qb6 9. Nf3 Be7 10. 0-0 0-0 11. b3 Nb4 12. Bb2 Nxe4 13. Nxe4 exd5 14. Ned2 dxc4 15. Nxc4 Qc7 16. Ne3 Be4 17. Nd2 Bg6 18. Ndc4 Rfe8 19. Nd5 Nxd5 20. Qxd5 Bf8 21. Be5 Qc6 22. Qxc6 dxc6 23. Rfd1 Bc2 24. Rdc1 Bd3 25. Bd6 Bxc4 26. Bxf8 Bxb3 27. Bxc5 Bxa2 28. h3 h5 29. Rc3 Bd5 30. Rxa8 Rxa8 31. Kh2 Kh7 32. Rg3 g6 33. Ra3 Rb8 34. h4 Kg7 35. Bd4+ Kf8 36. Ra7 Rc8 37. Bc5+ Kg7 38. f3 Kf6 39. Kg3 Ke5 40. Ra4 Be6 41. Rd4 Ra8 42. Rd2 Ra2 43. Bd6+ Kf5 44. Rd4 Bd5 45. Rd3 Ke6 46. Bb4 Kd7 47. Rd4 Ke6 48. Kf4 Rc2 49. Rd2 Rxd2 50. Bxd2 Bc4 51. g4 Be2 52. gxh5 gxh5 53. Bc3 Kd5 54. Ke3 Bd1 55. f4 Bc2 56. Bg7 Ke6 57. Bc3 Kf5 58. Bb4 Bb1 59. Kf3 Bc2 60. Bd6 Be4+ 61. Ke3 Bd5 62. Bc5 Kg4 63. Be7 Kg3 64. Bg5 Kg4 65. Be7 Bg2 66. Bf6 c5 67. Bg5 c4 68. Kd4 Bf1 69. Ke5 c3 70. f5 c2 71. f6 Bg2 72. Kd4 Bf3 73. Kd3 c1Q 74. Bxc1 Kxh4 75. Bf4 1/2-1/2